00865cam a22002411 4500001001300000003000400013005001700017008004100034010001700075035001900092040001800111042001200129050001600141082001300157100003200170245018400202260004100386300004700427651004200474650004000516700005000556999001700606sa 66005344 DLC20260227112248.0820406s1965 ii a 000 0 eng  asa 66005344  a(OCoLC)8313917 aDLCcViUdDLC apremarc00aDS423b.I42 a915.40341 aParekh, Kishor,d1930-1982.10aIndia progressing.c[The theme of this presentation was conceived by G. D. Birla and worked out in detail by Kishore Parekh ... who did the photography, photo-editing, and layout. aNew Delhi,bHindustan Times,c1965?] a1 v.b(chiefly illus. (part col.))c36 cm. 0aIndiaxCivilizationvPictorial works. 0aIndustrieszIndiavPictorial works.1 aBiṛalā, Ghanaśyāmadāsa,d1894-1983. c69901d69901